Les 20 villes les plus peuplées du Danemark - Statistiques

Statistiques générales
  • Ce quiz a été pris 57 fois
  • Le résultat moyen est 6 sur 20
Statistiques - réponses
Hint Réponse % Correct
667 099 habitants Copenhague
98%
373 388 habitants Aarhus
86%
210 803 habitants Odense
69%
224 612 habitants Aalborg
65%
97 621 habitants Viborg
35%
91 623 habitants Roskilde
31%
115 157 habitants Esbjerg
29%
122 433 habitants Vejle
25%
100 356 habitants Randers
24%
95 897 habitants Kolding
22%
97 921 habitants Horsens
20%
101 574 habitants Silkeborg
20%
90 006 habitants Herning
18%
84 895 habitants Naestved
12%
105 840 habitants Frederiksberg
10%
80 481 habitants Slagelse
6%
75 076 habitants Gentofte
4%
74 490 habitants Holbaek
4%
74 096 habitants Sønderborg
4%
70 958 habitants Gladsaxe
2%
Aucun quiz correspondant
Distribution des résultats
% des personnes avec chaque résultat
Percentile par nombre de réponses
Votre historique - résultats
Vous n’avez pas pris ce quiz